Alle Kantone In Luxemburg - Statistiken

Allgemein
  • Dieses Quiz wurde 73 mal gespielt
  • Das Durchschnittsergebnis liegt bei 7 aus 12
Antwortstatistiken
Antworten % Korrekt
Luxemburg
98%
Echternach
68%
Diekirch
63%
Vianden
63%
Mersch
61%
Grevenmacher
59%
Wiltz
56%
Clerf
54%
Remich
54%
Esch-sur-Alzette
49%
Capellen
46%
Redingen
46%
Keine übereinstimmenden Quizze gefunden
Verteilung der Resultate
Anzahl Personen mit jedem Resultat
Perzentil nach korrekt beantworteten Fragen
Ihre Resultats-Entwicklung
Sie haben dieses Quiz noch nicht gespielt